Dublin oh Dublin

Bibliographic Details
Main Author: Joyce, James
Format: Book
Published: Kuala Lumpur : DBP , 1991
Subjects:

MARC

LEADER 00000cam a2200000 7i4500
001 0000003927
002 000004228
005 20000330.0
020 |a 9836222545 
090 0 0 |a F   |b JOY 
100 1 |a Joyce, James 
245 1 0 |a Dublin oh Dublin   |c James Joyce ; Penterjemahan Ajikik 
260 |a Kuala Lumpur :   |b DBP ,   |c 1991 
300 |a 353 p. ;   |c 18 cm. 
650 0 0 |a Short stories 
999 |a 035468   |b BUKU   |c PINJAMAN   |e PERPUSTAKAAN KOMUNITI PETALING JAYA